000 00291nam a2200109Ia 4500
008 200302s9999 xx 000 0 und d
100 _aChristopher Alexander
245 _aA Pattern Language Towns, Building, Construction
260 _bOxford University press
260 _c1977
300 _a1171
999 _c7152
_d7152